000 00516nam a2200181Ia 4500
001 16226
005 20260306170254.0
008 260306t2018||||xx |||||||||||||| ||und||
041 _aESP
082 _a347.5
_bS23
100 _aSánchez Arias, José Luis
_eAUT
245 0 _aLibros y comprobantes de pago electrónicos:
_bnormas comentadas desde el punto de vista informático y operativo
260 _c2018
300 _a605 páginas :
_c25 cm.
650 _aGEN
654 _aCDE
942 _cLIB
_dJUS
_fJUS
_2ddc
_n
999 _c16226
_d16226